000 00692nam a2200289Ia 4500
005 20260324112356.0
008 008 260324s9999 xx 000 0 eng d
020 _a9781003449997
037 _aEBOOK
040 _aCRL
040 _beng
040 _cCRL
041 _2eng
041 _aeng
084 _qCRL
100 _aTim Marsh
_91142432
245 2 _aA Definitive Guide to Behavioural Safety
245 0 _bHealth and Well-Being, Second Edition
260 _bTaylor and Francis
260 _c2024
365 _a
365 _b260
856 _uhttp://www.taylorfrancis.com/books/9781003449997
942 _cEBOOK
999 _c1731617
_d1731617